Introducción a la estadística aplicada / (Record no. 2366)

000 -CABECERA
fixed length control field 00801nam a22001937a 4500
003 - IDENTIFICADOR DEL NÚMERO DE CONTROL
control field AR-CdUCM
008 - DATOS DE LONGITUD FIJA--INFORMACIÓN GENERAL
fixed length control field 190304b ||||| |||| 00| 0 spa d
040 ## - FUENTE DE LA CATALOGACIÓN
Agencia/entidad que catalogó originalmente la obra MUNICIPALIDAD PROVINCIAL DEL CUSCO
Entidad que transcribió la catalogación BIBLIOTECA MUNICIPAL DEL CUSCO
082 ## - NÚMERO DE LA CLASIFICACIÓN DECIMAL DEWEY
No. de Clasificación 519.5 /
Notacion interna G48
100 ## - ENTRADA PRINCIPAL--NOMBRE DE PERSONA
Nombre Personal Gullon, A
245 ## - MENCIÓN DE TÍTULO
Título Introducción a la estadística aplicada /
260 ## - PUBLICACIÓN, DISTRIBUCIÓN, ETC.
Lugar de publicación, distribución, etc. Madrid :
Nombre de la editorial, distribuidor, etc. Edit.Alhambra,
Fecha de publicación, distribución, etc. 1971.
300 ## - DESCRIPCIÓN FÍSICA
Nº de Páginas Extensión 219 paginas ;
Dimensiones 24 cm.
505 ## - NOTA DE CONTENIDO CON FORMATO
Nota de contenido formateada Contenido: Primera parte :Estadística descriptiva --Segunda parte :Distribuciones y poblaciones aleatorias --Tercera parte :Estadística inferencial inductiva --Cuarta parte :Estadística inferencial hipotético -deductiva /
650 ## - PUNTO DE ACCESO ADICIONAL DE MATERIA--TÉRMINO DE MATERIA
Descriptor Estadística matemática
9 (RLIN) 8337
650 ## - PUNTO DE ACCESO ADICIONAL DE MATERIA--TÉRMINO DE MATERIA
Descriptor Métodos estadísticos
9 (RLIN) 8510
942 ## - ELEMENTOS DE PUNTO DE ACCESO ADICIONAL (KOHA)
Fuente de clasificación
Tipo de item Libros-BMC
945 ## - PROCESAMIENTO DE INFORMACIÓN LOCAL (OCLC)
Catalogador rjall
Holdings
Estado de retiro (separado) Fuente de clasificación o esquema de estanterías Estado dañado Ubicación Sala donde se ubica Nombre de la colección Fecha de adquisición o compra Costo, precio normal en soles Signatura topográfica Código de Barras Última vez visto (Koha) Tipo de ítem (Koha)
No     Sala Ciencias Sala Ciencias Book Cart 2019-05-23 20.00 519.5 / G48 / e.2 SC0000001896 2019-05-23 Libros-BMC
No     Sala Humanidades Sala Humanidades Book Cart 2019-03-04 28.00 311 / G48 SH0000002644 2019-03-04 Libros-BMC

Powered by Koha